000 00309nam a2200133Ia 4500
008 191201s2012 xx 000 0 und d
100 _aHall, Douglas V
245 0 _aMicroprocessor and Interfacing
250 _arep
260 _c2012
_bTMH
_aN. delhi
300 _aMISC
650 _aECE
942 _2ddc
_cBB
_02
999 _c7569
_d7569